Operation and maintenance of wastewater collection systems /
Guardado en:
| Autores Corporativos: | , |
|---|---|
| Formato: | Libro |
| Idioma: | English |
| Publicado: |
Washington, D.C. :
Water Pollution Control Federation,
c1980.
|
| Series: | Manual of practice. Operations and maintenance ;
Nº 7 |
| Materias: | |
| Etiquetas: |
Agregar Etiqueta
Sin Etiquetas, Sea el primero en etiquetar este registro!
|
| LEADER | 01067nam a22002055a 4500 | ||
|---|---|---|---|
| 001 | EIQ.libpla001340 | ||
| 008 | 060912s1980####dcua#####b####001#0#eng#d | ||
| 005 | 20060912194749.0 | ||
| 245 | 1 | 0 | |a Operation and maintenance of wastewater collection systems / |c prepared by Task Force on Sanitary Sewer Maintenance ; under the direction of the Operations and Maintenance Subcommittee of the Technical Practice Committee. |
| 260 | |a Washington, D.C. : |b Water Pollution Control Federation, |c c1980. | ||
| 300 | |a vii, 87 p. : |b il., tablas ; |c 26 cm. | ||
| 490 | 0 | |a Manual of practice ; |v Nº 7 | |
| 504 | |a Incluye referencias bibliográficas e índice. | ||
| 710 | 2 | |a Water Environment Federation. |b Operations and Maintenance Subcommittee. | |
| 830 | 0 | |a Manual of practice. |p Operations and maintenance ; |v Nº 7 | |
| 650 | 4 | |a Aguas residuales |x Sistemas de colección. | |
| 650 | 4 | |a Sewage |x Collection systems. | |
| 040 | |a AR-BbSID |b spa |c AR-BbSID | ||
| 110 | 2 | |a Water Environment Federation. |b Task Force on Sanitary Sewer Maintenance. | |
| 859 | |a AR-BbSID |b BIB. PLAPIQUI |h 628.168 |i W 291 |p 2834 | ||
